Microeconomics/ (Record no. 77110)

MARC details
000 -LEADER
fixed length control field 00668nam a22002177a 4500
005 - DATE AND TIME OF LATEST TRANSACTION
control field 20130701164310.0
010 ## - LCCN (DPL NO)
LC control number B-508928-929
020 ## - INTERNATIONAL STANDARD BOOK NUMBER
International Standard Book Number 9788131716557
Terms of availability 640.00
035 ## - SYSTEM CONTROL NUMBER
System control number B-508928-929
037 ## - SOURCE OF ACQUISITION
Stock number dpl
Source of stock number/acquisition KBD/Ven
082 ## - DEWEY DECIMAL CLASSIFICATION NUMBER
Classification number 338.5
100 ## - MAIN ENTRY--PERSONAL NAME
Personal name Gravelle, H.
245 ## - TITLE STATEMENT
Title Microeconomics/
Statement of responsibility, etc by H.Gravelle and R.Rees
250 ## - EDITION STATEMENT
Edition statement 3rd
260 ## - PUBLICATION, DISTRIBUTION, ETC. (IMPRINT)
Place of publication, distribution, etc New Delhi
Name of publisher, distributor, etc Pearson
Date of publication, distribution, etc 2012
270 ## - ADDRESS
Address 11 Commu8nity Centre, Panchsheel Park
City New Delhi
Postal code 110017
300 ## - PHYSICAL DESCRIPTION
Extent 748p.
Dimensions 23cm(pbk)
700 ## - ADDED ENTRY--PERSONAL NAME
Dates associated with a name Rees, R.
942 ## - ADDED ENTRY ELEMENTS (KOHA)
Source of classification or shelving scheme Dewey Decimal Classification
Item type English Books
Classification part 338.5
Call number suffix GRA
Holdings
Withdrawn status Lost status Not for loan Collection code Home library Current library Date acquired Source of acquisition Cost, normal purchase price Full call number Barcode Copy number Cost, replacement price Koha item type
      Non-fiction Sarojini Nagar Sarojini Nagar 01/07/2013 KBD/BL20/19.03.2013/171/08.01.2013/22.3.2013 640.00 338.5 GRA B-508928 1 640.00 English Books
  Lost and Paid For Not For Loan Non-fiction South Zone Lib (REF) South Zone Lib (REF) 01/07/2013 KBD/BL20/19.03.2013/171/08.01.2013/22.3.2013 640.00 338.5 GRA B-508929 1 640.00 English Books

© Delhi Public Library
Hit Counter
free hit counter